| 000 | 00361 a2200157 4500 | ||
|---|---|---|---|
| 003 | Nust | ||
| 005 | 20230125114633.0 | ||
| 040 | _cNust | ||
| 082 | _a853.9,MOR | ||
| 100 |
_aMoravia, Alberto _9107621 |
||
| 245 |
_aThe Conformist / _cAlberto moravia |
||
| 260 |
_alondon _bPenguin |
||
| 300 | _a295:p | ||
| 650 |
_aEnglish liteature _9107622 |
||
| 942 |
_2ddc _cBK |
||
| 999 |
_c186828 _d186828 |
||